Microscopic anatomy of invertebrates
Gespeichert in:
| Format: | Buch |
|---|---|
| Sprache: | Undetermined |
| Veröffentlicht: |
New York
Wiley- Liss
1992
|
| Schlagworte: | |
| Tags: |
Tag hinzufügen
Keine Tags, Fügen Sie den ersten Tag hinzu!
|
| Thư viện lưu trữ: | Trung tâm Học liệu Trường Đại học Cần Thơ |
|---|
| LEADER | 00522nam a2200181Ia 4500 | ||
|---|---|---|---|
| 001 | CTU_67873 | ||
| 008 | 210402s9999 xx 000 0 und d | ||
| 082 | |a 592.08 | ||
| 082 | |b M626 | ||
| 245 | 0 | |a Microscopic anatomy of invertebrates | |
| 245 | 0 | |c Edited by Frederick W. Harrison and Arthur G. Humes | |
| 260 | |a New York | ||
| 260 | |b Wiley- Liss | ||
| 260 | |c 1992 | ||
| 650 | |a Invertebrates,Invertebrates | ||
| 650 | |x Anatomy,Histology | ||
| 904 | |i Minh | ||
| 980 | |a Trung tâm Học liệu Trường Đại học Cần Thơ | ||